[Event "NCA-ch sf"]
[Site "Managua"]
[Date "2023.02.05"]
[Round "5.19"]
[White "Sandoval Gutierrez, William"]
[Black "Gonzalez Caceres, Amin Oreste"]
[Result "1-0"]
[WhiteElo "1692"]
[BlackElo "1740"]
[PlyCount "81"]
[EventDate "2023.01.28"]
[EventType "swiss"]
[EventRounds "9"]
[EventCountry "NCA"]
[SourceTitle "CBM 213 Extra"]
[Source "ChessBase"]
[SourceDate "2023.05.31"]
[SourceVersion "1"]
[SourceVersionDate "2023.05.31"]
[SourceQuality "1"]

1. d4 Nf6 2. Nf3 g6 3. Nc3 Bg7 4. e4 d6 5. Bf4 Nbd7 6. Qd2 c5 7. d5 a6 8. Bh6 0-0 9. Bxg7 Kxg7 10. 0-0-0 b5 11. Qe3 Qa5 12. Nd2 c4 13. Kb1 Qc7 14. a3 Rb8 15. f3 a5 16. g4 b4 17. axb4 axb4 18. g5 Nh5 19. Ne2 c3 20. Nb3 Ba6 21. Ng3 Nxg3 22. hxg3 Bxf1 23. Rdxf1 Rfc8 24. Rf2 cxb2 25. Rfh2 h6 26. gxh6+ Kh7 27. g4 Ne5 28. g5 Ra8 29. Qd4 f6 30. Rf1 Nc4 31. gxf6 Na3+ 32. Kxb2 Nxc2 33. Qd3 Ra2+ 34. Kxa2 Qa7+ 35. Kb1 Rc3 36. Qxc2 Rxc2 37. Rxc2 exf6 38. Rfc1 Kxh6 39. f4 Qf7 40. Rh1+ Kg7 41. Rch2 1-0

[Event "NCA-chT 1st Stage"]
[Site "Managua"]
[Date "2020.10.04"]
[Round "4.8"]
[White "Sanchez, Eneo"]
[Black "Sandoval Gutierrez, William"]
[Result "1-0"]
[WhiteElo "1871"]
[BlackElo "1675"]
[PlyCount "76"]
[EventDate "2020.10.03"]
[EventType "team-swiss"]
[EventRounds "9"]
[EventCountry "NCA"]
[SourceTitle "EXT 2022"]
[Source "ChessBase"]
[SourceDate "2021.10.06"]
[SourceVersion "1"]
[SourceVersionDate "2021.10.06"]
[SourceQuality "1"]

1. c4 c5 2. Nc3 g6 3. Nf3 Bg7 4. g3 Nf6 5. Bg2 Nc6 6. 0-0 d6 7. h3 0-0 8. Rb1 Rb8 9. a3 Bd7 10. d3 Qc8 11. Kh2 Ne8 12. Bd2 Nc7 13. b4 b6 14. e3 Ne6 15. b5 Ncd8 16. Nd5 Re8 17. Bc3 Nb7 18. Qe2 Nc7 19. Bxg7 Kxg7 20. Qb2+ f6 21. e4 Nd8 22. Ne3 Nf7 23. Rbd1 e5 24. Ng1 Rf8 25. f4 Qd8 26. f5 a6 27. a4 a5 28. Qf2 Ne8 29. g4 g5 30. Ne2 Rg8 31. Rh1 Rh8 32. Ng3 h6 33. Bf3 Rh7 34. Kg2 Nh8 35. Rh2 Nc7 36. h4 Be8 37. Rdh1 gxh4 38. Rxh4 Bf7 1-0

[Event "NCA-chT fase1"]
[Site "Managua"]
[Date "2019.10.13"]
[Round "9.4"]
[White "Leon Sandoval, Johan"]
[Black "Sandoval Gutierrez, William"]
[Result "1-0"]
[WhiteElo "1619"]
[BlackElo "1634"]
[PlyCount "43"]
[EventDate "2019.09.28"]
[EventType "team-swiss"]
[EventRounds "9"]
[EventCountry "NCA"]
[SourceTitle "CBM 194 Extra"]
[Source "ChessBase"]
[SourceDate "2020.03.31"]
[SourceVersion "1"]
[SourceVersionDate "2020.03.31"]
[SourceQuality "1"]
[WhiteTeam "Nicaragua CC"]
[BlackTeam "Diamante de Las Segovias"]
[WhiteTeamCountry "NCA"]
[BlackTeamCountry "NCA"]

1. c4 g6 2. Nc3 Bg7 3. Nf3 c5 4. g3 Nc6 5. Bg2 d6 6. 0-0 Nf6 7. d4 cxd4 8. Nxd4 Bd7 9. Nc2 Qc8 10. Re1 0-0 11. Ne3 Re8 12. Rb1 Bh3 13. Bh1 Ne5 14. b3 Rb8 15. Bb2 Neg4 16. Nxg4 Nxg4 17. Nb5 Bxb2 18. Rxb2 Qc5 19. e3 Nh6 20. Qd4 Qb4 21. Rd1 Rbc8 22. Qh4 1-0

[Event "NCA-chT fase1"]
[Site "Managua"]
[Date "2019.10.13"]
[Round "8.4"]
[White "Sandoval Gutierrez, William"]
[Black "Guido, Rene"]
[Result "1-0"]
[WhiteElo "1634"]
[BlackElo "1858"]
[PlyCount "103"]
[EventDate "2019.09.28"]
[EventType "team-swiss"]
[EventRounds "9"]
[EventCountry "NCA"]
[SourceTitle "CBM 194 Extra"]
[Source "ChessBase"]
[SourceDate "2020.03.31"]
[SourceVersion "1"]
[SourceVersionDate "2020.03.31"]
[SourceQuality "1"]
[WhiteTeam "Diamante de Las Segovias"]
[BlackTeam "Clemente Guido"]
[WhiteTeamCountry "NCA"]
[BlackTeamCountry "NCA"]

1. d4 Nf6 2. Nf3 g6 3. Bf4 d6 4. Nc3 Bg7 5. e4 b6 6. Qd2 Ba6 7. 0-0-0 Bxf1 8. Rhxf1 Nh5 9. Bh6 0-0 10. g4 Nf6 11. Bxg7 Kxg7 12. Qf4 Qc8 13. Rg1 Nc6 14. e5 Ng8 15. h4 f6 16. Qe4 Qb7 17. g5 Na5 18. gxf6+ exf6 19. Qd3 fxe5 20. d5 Qc8 21. Ng5 Rf5 22. h5 Ne7 23. Ne6+ Kf7 24. hxg6+ hxg6 25. Ng5+ Kg7 26. f4 Nb7 27. fxe5 dxe5 28. Nce4 Nc5 29. Nxc5 bxc5 30. d6 Nc6 31. d7 Qg8 32. Qxf5 gxf5 33. Ne6+ Kf6 34. Rxg8 Rxg8 35. d8Q+ Nxd8 36. Nxd8 f4 37. Nc6 f3 38. Kd2 Rg2+ 39. Ke3 e4 40. Na5 Ke5 41. Nc4+ Ke6 42. Nd2 f2 43. Rf1 Kd5 44. Rxf2 Rxf2 45. Kxf2 a5 46. Ke3 c4 47. Nxe4 c5 48. Nc3+ Ke5 49. a4 Kd6 50. Ke4 Kc6 51. Ke5 Kb6 52. Kd5 1-0

[Event "NCA-chT fase1"]
[Site "Managua"]
[Date "2019.10.12"]
[Round "7.3"]
[White "Ulloa Diaz, Felipe Josue"]
[Black "Sandoval Gutierrez, William"]
[Result "1/2-1/2"]
[WhiteElo "1341"]
[BlackElo "1634"]
[PlyCount "113"]
[EventDate "2019.09.28"]
[EventType "team-swiss"]
[EventRounds "9"]
[EventCountry "NCA"]
[SourceTitle "CBM 194 Extra"]
[Source "ChessBase"]
[SourceDate "2020.03.31"]
[SourceVersion "1"]
[SourceVersionDate "2020.03.31"]
[SourceQuality "1"]
[WhiteTeam "Sandino"]
[BlackTeam "Diamante de Las Segovias"]
[WhiteTeamCountry "NCA"]
[BlackTeamCountry "NCA"]

1. e4 g6 2. Nc3 Bg7 3. Nf3 c5 4. d4 cxd4 5. Nxd4 d6 6. Bc4 Nc6 7. Be3 Nf6 8. f3 Qb6 9. Qd2 Nxe4 10. fxe4 Bxd4 11. Bxd4 Qxd4 12. Qxd4 Nxd4 13. 0-0-0 Nc6 14. Nd5 0-0 15. Bb5 Bg4 16. Rd2 Rae8 17. h3 Bd7 18. h4 h5 19. Ne3 a6 20. Ba4 Ne5 21. Bxd7 Nxd7 22. g4 hxg4 23. Nxg4 Kg7 24. h5 Nf6 25. h6+ Kh7 26. Nxf6+ exf6 27. Rxd6 Rxe4 28. Rxf6 Re6 29. Rxe6 fxe6 30. Kd2 Rf5 31. Re1 e5 32. Ke3 Kxh6 33. Ke4 Kg5 34. Rd1 Rf2 35. Kxe5 Re2+ 36. Kd6 Rxc2 37. Rb1 Kf4 38. a4 g5 39. b4 g4 40. Rf1+ Kg3 41. Rf7 Rc6+ 42. Kd5 Rg6 43. Rxb7 Kf2 44. b5 axb5 45. Rxb5 g3 46. Rb2+ Ke3 47. Kc5 g2 48. Rxg2 Rxg2 49. a5 Rc2+ 50. Kb6 Rb2+ 51. Kc5 Ke4 52. a6 Rc2+ 53. Kb6 Rb2+ 54. Kc6 Ra2 55. Kb7 Kd5 56. a7 Rb2+ 57. Ka8 1/2-1/2

[Event "NCA-chT fase1"]
[Site "Managua"]
[Date "2019.10.05"]
[Round "4.4"]
[White "Ruiz Treminio, Bismark"]
[Black "Sandoval Gutierrez, William"]
[Result "0-1"]
[WhiteElo "1139"]
[BlackElo "1634"]
[PlyCount "42"]
[EventDate "2019.09.28"]
[EventType "team-swiss"]
[EventRounds "9"]
[EventCountry "NCA"]
[SourceTitle "CBM 194 Extra"]
[Source "ChessBase"]
[SourceDate "2020.03.31"]
[SourceVersion "1"]
[SourceVersionDate "2020.03.31"]
[SourceQuality "1"]
[WhiteTeam "Los Jackers"]
[BlackTeam "Diamante de Las Segovias"]
[WhiteTeamCountry "NCA"]
[BlackTeamCountry "NCA"]

1. e4 g6 2. d4 Bg7 3. Nf3 c5 4. c3 d5 5. Bd3 dxe4 6. Bxe4 Nf6 7. Bc2 0-0 8. Be3 cxd4 9. Qxd4 Nd5 10. Qd2 Nxe3 11. fxe3 Qd6 12. Bb3 Bh6 13. Kf2 Nd7 14. Qd4 Nc5 15. Nbd2 Bg7 16. Ne5 Bxe5 17. Nc4 Bxd4 18. Nxd6 exd6 19. exd4 Ne4+ 20. Kf3 Ng5+ 21. Ke2 Bg4+ 0-1

[Event "Managua Hurtado Memorial 17th"]
[Site "Managua"]
[Date "2017.12.12"]
[Round "3"]
[White "Granados Ortiz, Fidel"]
[Black "Sandoval Gutierrez, William"]
[Result "1-0"]
[WhiteElo "2038"]
[BlackElo "1777"]
[PlyCount "69"]
[EventDate "2017.12.11"]
[EventType "swiss"]
[EventRounds "9"]
[EventCountry "NCA"]
[SourceTitle "CBM 182 Extra"]
[Source "ChessBase"]
[SourceDate "2018.02.23"]
[SourceVersion "1"]
[SourceVersionDate "2018.02.23"]
[SourceQuality "1"]

1. e4 g6 2. d4 Bg7 3. Nc3 c5 4. Nf3 cxd4 5. Nxd4 Nc6 6. Be3 Nf6 7. Bc4 d6 8. f3 Qb6 9. Bb5 Qc7 10. Nd5 Nxd5 11. exd5 a6 12. Ba4 b5 13. Nxc6 bxa4 14. Bd4 Bxd4 15. Qxd4 0-0 16. 0-0-0 a3 17. b3 a5 18. Rhe1 Re8 19. Qa4 Bb7 20. Rd4 e5 21. Rc4 Qb6 22. Qxa3 Ba6 23. Qxd6 Qf2 24. Rce4 Bd3 25. cxd3 Qxa2 26. Ne7+ Rxe7 27. Qxe7 Rc8+ 28. Rc4 Qa1+ 29. Kd2 Qb2+ 30. Ke3 Rxc4 31. bxc4 f5 32. Re2 f4+ 33. Kf2 Qd4+ 34. Kf1 Qxd3 35. Qxe5 1-0

[Event "Managua Hurtado Memorial 15th"]
[Site "Managua"]
[Date "2015.12.29"]
[Round "7"]
[White "Sandoval Gutierrez, William"]
[Black "Pichardo, Carlos"]
[Result "0-1"]
[WhiteElo "1726"]
[BlackElo "1795"]
[PlyCount "106"]
[EventDate "2015.12.26"]
[EventType "swiss"]
[EventRounds "9"]
[EventCountry "NCA"]
[SourceTitle "CBM 170 Extra"]
[Source "ChessBase"]
[SourceDate "2016.02.25"]
[SourceVersion "1"]
[SourceVersionDate "2016.02.25"]
[SourceQuality "1"]

1. d4 d5 2. Nf3 Nf6 3. e3 e6 4. Bd3 Nbd7 5. b3 c6 6. Bb2 Bd6 7. 0-0 Qc7 8. Nbd2 b5 9. Qe2 a6 10. e4 dxe4 11. Nxe4 Nxe4 12. Bxe4 Nf6 13. Bd3 0-0 14. Ne5 c5 15. c3 Bb7 16. f4 Rac8 17. Rac1 Rfd8 18. c4 b4 19. Rce1 cxd4 20. Bxd4 Bc5 21. Bxc5 Qxc5+ 22. Kh1 Rd6 23. Rd1 Rcd8 24. h3 g6 25. Kh2 Rd4 26. Qf2 Qc7 27. Qh4 Kg7 28. Be2 Rxd1 29. Rxd1 Rxd1 30. Bxd1 Qd6 31. Qh6+ Kg8 32. Bf3 Bxf3 33. gxf3 Qd2+ 34. Kg3 Qe1+ 35. Kg2 Qd2+ 36. Kg1 Qe1+ 37. Kg2 Qe2+ 38. Kg1 Qe3+ 39. Kg2 Nh5 40. Ng4 Nxf4+ 41. Kg3 Ne2+ 42. Kh4 Qxf3 43. Qe3 Qxe3 44. Nxe3 Nc3 45. c5 Kf8 46. Nc4 f6 47. a3 bxa3 48. Nxa3 Ke7 49. Nc4 Nd5 50. Na5 Nb4 51. Kg4 Kd7 52. h4 h5+ 53. Kf4 Nd3+ 0-1